000 00517nam a2200193Ia 4500
005 20250923150236.0
008 008 250917s9999 xx 000 0 eng d
037 _aTextual
040 _aDSWL
_beng
_cDSWL
041 _aeng
_2eng
084 _qDSWL
100 _aWodrich, David L
_9843802
245 0 _aParrtrs of learning disorders
_cby David L Wodrich
260 _aNew York
_b Guilford
_c2006
300 _a563 p.
650 _a Ara J SCHMITT
_9843803
942 _cTEXL
999 _c1461189
_d1461189